Manažerské kompetence způsobilosti výjimečných manažerů

Gespeichert in:
Bibliographische Detailangaben
1. Verfasser: Kubeš, Marián
Weitere Verfasser: Spillerová, Dagmar, Kurnický, Roman
Format: Buch
Sprache:Tschechisch
Veröffentlicht: Praha Grada Publishing 2004
Schriftenreihe:Manažer
Schlagworte:
Tags: Tag hinzufügen
Keine Tags, Fügen Sie das erste Tag hinzu!

MARC

LEADER 00000nam$a2200000$$$4500
001 0017310
005 20240306141513.8
020 |a 80-247-0698-9 
041 0 |a cze 
044 |a CZ 
245 1 0 |a Manažerské kompetence  |b způsobilosti výjimečných manažerů  |c M. Kubeš, D. Spillerová, R. Kurnický 
264 1 |a Praha  |b Grada Publishing  |c 2004 
300 |a 183 s. 
490 1 |a Manažer 
830 0 |a Manažer 
610 2 0 |a manažéri 
610 2 0 |a manažment 
610 2 0 |a kompetencie 
610 2 0 |a rozvoj podniku 
610 2 0 |a modely 
100 1 |a Kubeš, Marián 
700 1 |a Spillerová, Dagmar 
700 1 |a Kurnický, Roman